000 00442nam a22001337a 4500
082 _a526.98
_bCLO
_cL-tech, P-110
100 _aC.F. Close,
_939691
245 _aText book of topographical abd geographical surveying
_cclose, Charles
260 _aLondon
_bpublished by his majestys stationery office
_c1905
526 _a0
_b0
_c0
_d526_980000000000000_CLO
526 _a0
_b0
_c0
_d526_980000000000000_TEX
650 _aMCE
_9379
942 _2ddc
_cBK
999 _c544134
_d544134